| 000 | 00000nam 2200000zi 4500 |
| 001 | 9.900852 |
| 003 | CaOODSP |
| 005 | 20221107175523 |
| 006 | m o d f |
| 007 | cr mn||||||||| |
| 008 | 210616t20212021onc o f000 0 eng d |
| 020 | |a9780660392745 |
| 040 | |aCaOODSP|beng|erda|cCaOODSP |
| 043 | |an-cn--- |
| 086 | 1 |aCi1-11/2021E-PDF-1 |
| 245 | 00|aDiscover Canada : |bthe rights and responsibilities of citizenship. |
| 246 | 13|aStudy guide : |bdiscover Canada : the rights and responsibilities of citizenship |
| 250 | |aLarge print |
| 264 | 1|a[Ottawa] : |bImmigration, Refugees and Citizenship Canada = Immigration, réfugiés et citoyenneté Canada, |c[2021] |
| 264 | 4|c©2021 |
| 300 | |a1 online resource (129 pages) |
| 336 | |atext|btxt|2rdacontent |
| 337 | |acomputer|bc|2rdamedia |
| 338 | |aonline resource|bcr|2rdacarrier |
| 500 | |aCover title. |
| 500 | |aAt head of title: Study guide. |
| 500 | |aIssued also in French under title: Découvrir le Canada : les droits et responsabilités liés à la citoyenneté. |
| 520 | |a"In Canada, we profess our loyalty to a person who represents all Canadians and not to a document such as a constitution, a banner such as a flag, or a geopolitical entity such as a country. In our constitutional monarchy, these elements are encompassed by the Sovereign (Queen or King). It is a remarkably simple yet powerful principle: Canada is personified by the Sovereign just as the Sovereign is personified by Canada"--Understanding the oath, page 4. |
| 530 | |aIssued also in EPUB format. |
| 650 | 0|aNaturalization|zCanada|xExaminations|vStudy guides. |
| 650 | 0|aCitizenship|zCanada|xExaminations|vStudy guides. |
| 651 | 0|aCanada|xCivilization|xStudy and teaching. |
| 655 | 7|aStudy guides|2lcgft |
| 710 | 1 |aCanada. |bImmigration, Refugees and Citizenship Canada, |eissuing body. |
| 775 | 08|tDécouvrir le Canada : |w(CaOODSP)9.900855 |
| 776 | 0#|tDiscover Canada : |w(CaOODSP)9.900853 |
| 776 | 0#|tDiscover Canada : |w(CaOODSP)9.900851 |
| 856 | 40|qPDF|s1.01 MB|uhttps://publications.gc.ca/collections/collection_2021/ircc/Ci1-11-2021-1-eng.pdf |